Watershed Planning and Employment Generation/ (Record no. 1148)

000 -LEADER
fixed length control field 00309 a2200109 4500
020 ## - INTERNATIONAL STANDARD BOOK NUMBER
International Standard Book Number 8183240305
082 ## - DEWEY DECIMAL CLASSIFICATION NUMBER
Classification number 627.4 MAN
100 ## - MAIN ENTRY--PERSONAL NAME
Personal name Mani, R
245 ## - TITLE STATEMENT
Title Watershed Planning and Employment Generation/
Statement of responsibility, etc. R Mani
260 ## - PUBLICATION, DISTRIBUTION, ETC.
Place of publication, distribution, etc. New Delhi :
Name of publisher, distributor, etc. A Mittal Publication,
Date of publication, distribution, etc. 2006
300 ## - PHYSICAL DESCRIPTION
Extent xii, 185p. :
Other physical details ill. ;
Dimensions 21 cm
650 ## - SUBJECT ADDED ENTRY--TOPICAL TERM
Topical term or geographic name entry element Watershed Planning
Holdings
Withdrawn status Lost status Damaged status Not for loan Permanent Location Current Location Shelving location Date acquired Total Checkouts Full call number Barcode Date last seen Price effective from Koha item type
        School of Civil and Environmental Engineering (SCEE) School of Civil and Environmental Engineering (SCEE)       627.4 MAN NIT-6818 01/05/2017 01/05/2017 Book
© 2023 Central Library, National University of Sciences and Technology. All Rights Reserved.